| 000 | 00434nam a2200181Ia 4500 | ||
|---|---|---|---|
| 003 | GCL | ||
| 008 | 140319s9999 xx 000 0 eng d | ||
| 040 |
_aGCL / _cGCL |
||
| 082 | 0 | 4 |
_a843 _bR S |
| 100 | 1 | _aROY, CLAUDE | |
| 245 | 1 | 0 |
_aSOMME TOUTE / _cROY, CLAUDE |
| 260 |
_a[S.N] : _bFOLIO ، _c1982 |
||
| 300 | _a543 P | ||
| 490 |
_aCOLLECTION FOLIO _v0 |
||
| 650 | 0 | 4 | _aLITERATURE |
| 650 | 0 | 4 | _aFRENCH LITERATURE |
| 942 |
_2ddc _cBK |
||
| 999 |
_c22738 _d22738 |
||